Online
Catalog

La oración contemplativa / (Record no. 46264)

MARC details
000 -CABECERA
campo de control de longitud fija 00671nam a2200217 a 4500
001 - NÚMERO DE CONTROL
campo de control 000046775
005 - FECHA Y HORA DE LA ÚLTIMA TRANSACCIÓN
campo de control 20250217092805.0
008 - DATOS DE LONGITUD FIJA--INFORMACIÓN GENERAL
campo de control de longitud fija 130911s2016 dr 000 0 spa d
020 ## - NÚMERO INTERNACIONAL ESTÁNDAR DEL LIBRO
Número Internacional Estándar del Libro 9789945903959
040 ## - FUENTE DE LA CATALOGACIÓN
Centro catalogador/agencia de origen DO-SdBNP
Lengua de catalogación spa
Centro/agencia transcriptor BNPHU
082 ## - NÚMERO DE LA CLASIFICACIÓN DECIMAL DEWEY
Número de clasificación xxxx
Número de documento/Ítem J91f
100 1# - ENTRADA PRINCIPAL--NOMBRE DE PERSONA
Nombre de persona Juanes, Benigno
Fechas asociadas al nombre 1916-2009
9 (RLIN) 442
245 13 - MENCIÓN DE TÍTULO
Título La oración contemplativa /
Mención de responsabilidad, etc. Benigno Juanes.
246 1# - FORMA VARIANTE DE TÍTULO
Título propio/Titulo breve Contemplación :
Resto del título contemplativos en la acción /
260 ## - PUBLICACIÓN, DISTRIBUCIÓN, ETC.
Lugar de publicación, distribución, etc. Santo Domingo :
Nombre del editor, distribuidor, etc. Amigo del hogar,
Fecha de publicación, distribución, etc. 2016.
300 ## - DESCRIPCIÓN FÍSICA
Extensión 259 p. ;
Dimensiones 22 cm.
490 1# - MENCIÓN DE SERIE
Mención de serie Torrentes
Designación de volumen o secuencia 21
500 ## - NOTA GENERAL
Nota general Incluye notas a pie de páginas
590 ## - NOTA LOCAL (RLIN)
Nota local Inventariado, 2018/ YL
830 #0 - PUNTO DE ACCESO ADICIONAL DE SERIE-TÍTULO UNIFORME
Título uniforme Torrentes
Número de parte o sección de la obra 21
9 (RLIN) 74742
Holdings
Estado de retiro Estado de pérdida No para préstamo Código de colección Localización permanente Ubicación/localización actual Ubicación en estantería Fecha de adquisición Número de inventario Total de préstamos Signatura topográfica completa Código de barras Fecha visto por última vez Número de copia Precio válido a partir de Tipo de ítem Koha
    Excluido de préstamo Dominicana de Servicio General General En catalogación 23.03.2018 LF1   xxxx J91f 46775-30 25.06.2020 e. 3 25.06.2020 Libro y Folleto Colección Dominicana de Servicio
    Excluido de préstamo Dominicana de Servicio General General En catalogación 11.03.2020 LF1   xxxx J91f 46775-40 25.06.2020 e. 4 25.06.2020 Libro y Folleto Colección Dominicana de Servicio
    Excluido de préstamo Dominicana de Servicio General General En catalogación 11.03.2020 LF1   xxxx J91f 46775-50 25.06.2020 e. 5 25.06.2020 Libro y Folleto Colección Dominicana de Servicio
    Excluido de préstamo Patrimonio Dominicano Patrimonio Dominicano Patrimonio Dominicano En catalogación 23.03.2018 LF1   xxxx J91f 46775-10 25.06.2020   25.06.2020 Libro y Folleto Colección Patrimonio Dominicano
    Excluido de préstamo Patrimonio Dominicano Patrimonio Dominicano Patrimonio Dominicano En catalogación 23.03.2018 LF1   xxxx J91f 46775-20 25.06.2020 e. 2 25.06.2020 Libro y Folleto Colección Patrimonio Dominicano

Powered by Koha